Hướng dẫn ôn thi môn kinh tế chính trị Mác - Lênin
Αποθηκεύτηκε σε:
| Μορφή: | Sách giấy |
|---|---|
| Γλώσσα: | Vietnamese |
| Έκδοση: |
H. :
Đại học Quốc gia,
2000
|
| Έκδοση: | Tái bản có sửa chữa, bổ sung |
| Θέματα: | |
| Ετικέτες: |
Προσθήκη ετικέτας
Δεν υπάρχουν, Καταχωρήστε ετικέτα πρώτοι!
|
| Thư viện lưu trữ: | Thư viện Trường Đại học Đà Lạt |
|---|
| LEADER | 00684nam a2200265 4500 | ||
|---|---|---|---|
| 001 | DLU040026110 | ||
| 005 | ##20040219 | ||
| 040 | # | # | |a DLU |b vie |
| 041 | # | # | |a vie |
| 044 | # | # | |a vn |
| 082 | # | # | |a 335.412 |b Huo |
| 245 | # | # | |a Hướng dẫn ôn thi môn kinh tế chính trị Mác - Lênin |
| 250 | # | # | |a Tái bản có sửa chữa, bổ sung |
| 260 | # | # | |a H. : |b Đại học Quốc gia, |c 2000 |
| 300 | # | # | |a 117 tr. ; |c 19 cm |
| 650 | # | # | |a Kinh tế học Mác - Lênin |v Giáo trình. |
| 992 | # | # | |a 9000 |
| 994 | # | # | |a DLU |
| 900 | # | # | |a True |
| 911 | # | # | |a Đào Thị Thu Huyền |
| 925 | # | # | |a G |
| 926 | # | # | |a A |
| 927 | # | # | |a SH |
| 980 | # | # | |a Thư viện Trường Đại học Đà Lạt |